Fomentar la cultura ciudadana / (Registro nro. 4986)

Detalles MARC
000 -LEADER
fixed length control field 01101nam a2200265Ia 4500
003 - CONTROL NUMBER IDENTIFIER
control field OSt
005 - DATE AND TIME OF LATEST TRANSACTION
control field 20221209081246.0
008 - FIXED-LENGTH DATA ELEMENTS--GENERAL INFORMATION
fixed length control field 191128s2006 ck a gr 000 0dspa d
020 ## - INTERNATIONAL STANDARD BOOK NUMBER
International Standard Book Number 9588025737
040 ## - CATALOGING SOURCE
Original cataloging agency CO-JMCR
Transcribing agency CO-JMCR
041 0# - LANGUAGE CODE
Language code of text/sound track or separate title spa
082 04 - DEWEY DECIMAL CLASSIFICATION NUMBER
Classification number 303.484 /
Item number C718f
110 2# - MAIN ENTRY--CORPORATE NAME
Corporate name or jurisdiction name as entry element Colombia.
9 (RLIN) 1612
Subordinate unit Departamento Nacional de Planeación
245 20 - TITLE STATEMENT
Title Fomentar la cultura ciudadana /
Statement of responsibility, etc. Departamento Nacional de Planeación
260 ## - PUBLICATION, DISTRIBUTION, ETC.
Place of publication, distribution, etc. Bogotá :
Name of publisher, distributor, etc. Departamento Nacional de Planeación,
Date of publication, distribution, etc. 2006
300 ## - PHYSICAL DESCRIPTION
Extent xv, 83 páginas :
Other physical details ilustraciones a color ;
Dimensions 28 cm.
490 0# - SERIES STATEMENT
Series statement Visión Colombia II Centenario
504 ## - BIBLIOGRAPHY, ETC. NOTE
Bibliography, etc. note Bibliografía: páginas 81-83
505 ## - FORMATTED CONTENTS NOTE
Formatted contents note Cultura ciudadana: conceptos básicos -- De dónde venimos y dónde estamos -- Visión y principios fundamentales -- Metas, planes, proyectos y cambios institucionales y legales requeridos
650 14 - SUBJECT ADDED ENTRY--TOPICAL TERM
Topical term or geographic name entry element Intervención económica
Geographic subdivision Colombia
9 (RLIN) 3238
650 24 - SUBJECT ADDED ENTRY--TOPICAL TERM
Topical term or geographic name entry element Economía
Geographic subdivision Colombia
9 (RLIN) 3239
650 24 - SUBJECT ADDED ENTRY--TOPICAL TERM
Topical term or geographic name entry element Cultura ciudadana
Geographic subdivision Colombia
9 (RLIN) 3240
650 24 - SUBJECT ADDED ENTRY--TOPICAL TERM
Topical term or geographic name entry element Planificación económica
Geographic subdivision Colombia
9 (RLIN) 3241
942 ## - ADDED ENTRY ELEMENTS (KOHA)
Source of classification or shelving scheme Dewey Decimal Classification
Koha item type Books
Existencias
Withdrawn status Lost status Source of classification or shelving scheme Materials specified (bound volume or other part) Damaged status Not for loan Home library Current library Shelving location Date acquired Source of acquisition Cost, normal purchase price Full call number Barcode Date last seen Copy number Price effective from Koha item type
    Dewey Decimal Classification Donación--15/04/2018--     Biblioteca Pública José María del Castillo y Rada Biblioteca Pública José María del Castillo y Rada General Stacks 11/28/2019 Donación 0.00 303.484 / C718f 430001109 05/16/2024 Ej.1 11/28/2019 Books